The India A-Z Quiz Book (Record no. 12633)

MARC details
000 -LEADER
fixed length control field 00252nam a22000977a 4500
008 - FIXED-LENGTH DATA ELEMENTS--GENERAL INFORMATION
fixed length control field 240831b |||||||| |||| 00| 0 eng d
020 ## - INTERNATIONAL STANDARD BOOK NUMBER
International Standard Book Number 9788129148278
100 ## - MAIN ENTRY--PERSONAL NAME
Personal name O'Brien Derek
9 (RLIN) 7791
245 ## - TITLE STATEMENT
Title The India A-Z Quiz Book
260 ## - PUBLICATION, DISTRIBUTION, ETC. (IMPRINT)
Place of publication, distribution, etc. New Delhi
Name of publisher, distributor, etc. Rupa
Date of publication, distribution, etc. 2017
Holdings
Withdrawn status Lost status Source of classification or shelving scheme Damaged status Koha normalized classification for sorting Not for loan Home library Current library Shelving location Date acquired Total Checkouts Full call number Barcode Date last seen Date last checked out Price effective from Koha item type
    Dewey Decimal Classification   BRI_080_000000000000000   Good Samaritan School Library Good Samaritan School Library FICTION 08/31/2024 2 BRI080 BRI17906 11/29/2024 11/14/2024 08/31/2024 BOOK

Powered by Koha